Devocionario de Santa Zita virgen patrona de las sirvientas / (Record n. 34576)
[ formato base ]
| 000 -LEADER | |
|---|---|
| fixed length control field | 00776cam a2200205 i 4500 |
| 003 - CONTROL NUMBER IDENTIFIER | |
| control field | IT-RoINE |
| 005 - DATE AND TIME OF LATEST TRANSACTION | |
| control field | 20200909090008.0 |
| 008 - FIXED-LENGTH DATA ELEMENTS--GENERAL INFORMATION | |
| fixed length control field | 920725s1913 sp r |dspa d |
| 040 ## - CATALOGING SOURCE | |
| Original cataloging agency | SpMaBN |
| Transcribing agency | A2 IT-RoINE |
| Modifying agency | IT-RoINE |
| 245 00 - TITLE STATEMENT | |
| Title | Devocionario de Santa Zita virgen patrona de las sirvientas / |
| Statement of responsibility, etc | arreglado por el P.B.L. de la Compañía de Jesús. |
| 260 ## - PUBLICATION, DISTRIBUTION, ETC. (IMPRINT) | |
| Place of publication, distribution, etc | Madrid : |
| Name of publisher, distributor, etc | Tipografía del Sagrado Corazón, |
| Date of publication, distribution, etc | 1913. |
| 300 ## - PHYSICAL DESCRIPTION | |
| Extent | 383 p., [1] h. de lám. ; |
| Dimensions | 14 cm. |
| 336 ## - CONTENT TYPE | |
| Source | rdacontent |
| Content type term | text |
| 337 ## - MEDIA TYPE | |
| Source | rdamedia |
| Media type term | unmediated |
| 338 ## - CARRIER TYPE | |
| Source | rdacarrier |
| Carrier type term | volume |
| 500 ## - GENERAL NOTE | |
| General note | Incluye apéndices de cánticos religiosos. |
| 600 04 - SUBJECT ADDED ENTRY--PERSONAL NAME | |
| Personal name | Zita de Luca, |
| Titles and other words associated with a name | Santa, |
| Dates associated with a name | 1218-1272 |
| General subdivision | Libros de oraciones y devocionarios |
| 9 (RLIN) | 68958 |
| 650 #4 - SUBJECT ADDED ENTRY--TOPICAL TERM | |
| 9 (RLIN) | 4218 |
| Topical term or geographic name as entry element | Literatura de devoción |
| 942 ## - ADDED ENTRY ELEMENTS (KOHA) | |
| Item type | Monografías |
| Withdrawn status | Lost status | Damaged status | Not for loan | Home library | Current library | Date acquired | Total Checkouts | Full call number | Barcode | Date last seen | Price effective from | Koha item type |
|---|---|---|---|---|---|---|---|---|---|---|---|---|
| Iglesia Nacional Española en Roma | Iglesia Nacional Española en Roma | 01/07/2020 | DEV 70 | 62420 | 01/07/2020 | 01/07/2020 | Monografías |